| 000 | 00854nam a22002297a 4500 | ||
|---|---|---|---|
| 005 | 2010080306446.0 | ||
| 010 | _aENG-100771 | ||
| 020 |
_a9788181712455 _c1200.00 |
||
| 035 | _aEN-84304 | ||
| 037 | _bDBAD/PUB | ||
| 082 | _a577.789 | ||
| 100 |
_aRao, D. V. _914504 |
||
| 245 |
_aField guide to corals and coral associates of Andaman and Nicobar islands / _cby D. V. Rao |
||
| 260 |
_aKolkata _bZoological Survey of India _c2010 |
||
| 270 |
_a234/4 A. J. C. Bose Road, 2nd MSO Building, Nizam Palace _bKolkata _e700020 |
||
| 300 |
_axi, 281 p. _c25cm (Hb) |
||
| 650 |
_aCoral _914505 |
||
| 700 |
_94162 _aSsarma, R. M. |
||
| 700 |
_aOjha, praveen _95587 |
||
| 942 |
_2ddc _cEN _h577.789 _mRAO |
||
| 999 |
_c42327 _d42327 |
||